00667nam a2200205Ia 4500003000400000005001700004008004100021020001800062040001800080041000800098082002200106100002900128245012700157250001200284260004400296300002700340650003800367650003500405650002100440OSt20250218142353.0210716s2017 xx 000 0 und d a9781785889349 cAIMIT LIBRARY aeng a006.671 21bCHAD aChawdhuri, Debasish Ray. aJava 9 data structures and algorithms :bstep-by-step guide to data structures and algorithms /cBy Debasish Ray Chawdhuri a1st ed. aMumbai :bPackt Publishing Ltd ,c2017. axii,319p. ;bPBc24 cm aCogs and pulleys- building blocks aProtocols - abstract data typs aConcepts of tree